Introduction to the theory of numbers. (Record no. 617238)

MARC details
000 -LEADER
fixed length control field 00804nam a2200265Ia 4500
003 - CONTROL NUMBER IDENTIFIER
control field OSt
005 - DATE AND TIME OF LATEST TRANSACTION
control field 20250619142347.0
008 - FIXED-LENGTH DATA ELEMENTS--GENERAL INFORMATION
fixed length control field 220923b |||||||| |||| 00| 0 eng d
020 ## - INTERNATIONAL STANDARD BOOK NUMBER
International Standard Book Number 0852266038
037 ## - SOURCE OF ACQUISITION
Terms of availability Textual
040 ## - CATALOGING SOURCE
Original cataloging agency RTL
Transcribing agency RTL
Language of cataloging eng
041 ## - LANGUAGE CODE
Source of code eng
Language code of text/sound track or separate title eng
084 ## - COLON CLASSIFICATION NUMBER
Classification number B13 L2/SC
Assigning agency RTL
100 ## - MAIN ENTRY--PERSONAL NAME
Personal name Niven, Ivan
9 (RLIN) 312292
245 #0 - TITLE STATEMENT
Title Introduction to the theory of numbers.
250 ## - EDITION STATEMENT
Edition statement 3rd
260 ## - PUBLICATION, DISTRIBUTION, ETC.
Place of publication, distribution, etc. New Delhi
Name of publisher, distributor, etc. Wiley Eastern Limited
Date of publication, distribution, etc. 1972
300 ## - PHYSICAL DESCRIPTION
Extent xii, 288 p.
Dimensions cm.
Other physical details Includes index
650 ## - SUBJECT ADDED ENTRY--TOPICAL TERM
Topical term or geographic name entry element Mathematics- Divisibility
9 (RLIN) 813190
650 ## - SUBJECT ADDED ENTRY--TOPICAL TERM
Topical term or geographic name entry element Mathematics- Congruences
9 (RLIN) 813191
650 ## - SUBJECT ADDED ENTRY--TOPICAL TERM
Topical term or geographic name entry element Mathematics- Number Theory
9 (RLIN) 813192
700 ## - ADDED ENTRY--PERSONAL NAME
Personal name Zuckerman, Herbert S.
9 (RLIN) 312293
Relator term Co-author
942 ## - ADDED ENTRY ELEMENTS (KOHA)
Classification part B13 L2/SC
Koha item type Reference
Source of classification or shelving scheme Colon Classification (CC)
Suppress in OPAC No
Holdings
Withdrawn status Lost status Source of classification or shelving scheme Damaged status Not for loan Home library Current library Date acquired Total Checkouts Full call number Barcode Date last seen Price effective from Koha item type
    Colon Classification (CC)     Ratan Tata Library Ratan Tata Library 2022-09-26   B13 L2/SC RT1148844 2022-09-26 2022-09-26 Reference
Copyright @ Delhi University Library System